Gaming Quiz

Random Gaming or Pokémon Quiz

Type by Pokémon (Gen. 1) Quiz Stats

Quiz not verified by Sporcle

Also try: Guess Who?
Challenge
Share
Tweet
Embed
Score 0/151 Timer 08:00
0 Plays Today
% Correct
Fire
70%
Normal
70%
Fighting
70%
Fighting
70%
Water
70%
Normal
70%
Water
70%
Water
70%
Fire
70%
Water
65%
Bug
65%
Normal
65%
Ground
65%
Fire
65%
Ground
65%
Normal
65%
Fighting
65%
Fire
65%
Water
65%
Electric
65%
Poison
65%
Water
65%
Ghost
65%
Rock
65%
Fighting
65%
Fighting
65%
Water
65%
Water
65%
Water
65%
Fire
65%
Ice
65%
Electric
65%
Fire
65%
Dragon
65%
Grass
60%
Grass
60%
Grass
60%
Fire
60%
Fire
60%
Water
60%
Water
60%
Bug
60%
Bug
60%
Bug
60%
Normal
60%
Normal
60%
Normal
60%
Poison
60%
Electric
60%
Electric
60%
Ground
60%
% Correct
Bug
60%
Psychic
60%
Psychic
60%
Psychic
60%
Fighting
60%
Fighting
60%
Grass
60%
Grass
60%
Rock
60%
Fire
60%
Electric
60%
Normal
60%
Psychic
60%
Psychic
60%
Water
60%
Electric
60%
Normal
60%
Poison
60%
Electric
60%
Normal
60%
Electric
60%
Dragon
60%
Dragon
60%
Psychic
60%
Psychic
60%
Fire
55%
Bug
55%
Bug
55%
Normal
55%
Normal
55%
Normal
55%
Poison
55%
Poison
55%
Poison
55%
Poison
55%
Grass
55%
Bug
55%
Ground
55%
Water
55%
Fire
55%
Water
55%
Water
55%
Grass
55%
Water
55%
Rock
55%
Fire
55%
Water
55%
Water
55%
Water
55%
Water
55%
Poison
55%
% Correct
Water
55%
Ghost
55%
Ghost
55%
Water
55%
Electric
55%
Grass
55%
Poison
55%
Normal
55%
Water
55%
Water
55%
Psychic
55%
Water
55%
Water
55%
Normal
55%
Normal
55%
Poison
50%
Poison
50%
Poison
50%
Fairy
50%
Grass
50%
Bug
50%
Bug
50%
Water
50%
Normal
50%
Grass
50%
Ground
50%
Ground
50%
Ground
50%
Normal
50%
Normal
50%
Water
50%
Rock
50%
Poison
45%
Normal
45%
Poison
45%
Rock
45%
Grass
45%
Bug
45%
Bug
45%
Normal
45%
Rock
45%
Fairy
40%
Normal
40%
Grass
40%
Rock
40%
Rock
40%
Ground
35%
Rock
35%
Ice
30%

You're not logged in!

Compare scores with friends on all Sporcle quizzes.
Sign Up with Email
OR
Log In

You Might Also Like...

Show Comments

Extras

Top Quizzes Today


Score Distribution

Your Account Isn't Verified!

In order to create a playlist on Sporcle, you need to verify the email address you used during registration. Go to your Sporcle Settings to finish the process.